00281nam a2200121Ia 4500008004100000082001800041100002000059245002300079250000800102260002700110300000800137650001400145150201s2008 xx 000 0 und d a617.732bH08M aMAKHIJA, NEELAM 2aA HB OF FIRST- AID a1ST bA.P. JAINaDELHIc2008 a305 aFIRST AID